[Event "66th ch-RUS 2013"]
[Site "Nizhny Novgorod RUS"]
[Date "2013.10.13"]
[Round "8.1"]
[White "Andreikin, Dmitry"]
[Black "Inarkiev, Ernesto"]
[Result "1/2-1/2"]
[WhiteTitle "GM"]
[BlackTitle "GM"]
[WhiteElo "2706"]
[BlackElo "2695"]
[WhiteFideId "4158814"]
[BlackFideId "4162722"]
[EventDate "2013.10.05"]

1. c4 c5 2. Nf3 Nc6 3. Nc3 g6 4. e3 Nf6 5. d4 cxd4 6. exd4 d5 7. cxd5 Nxd5 8.
Qb3 e6 9. Bb5 Bg7 10. Bg5 Qa5 11. O-O O-O 12. Rfd1 Qb4 13. Qxb4 Ncxb4 14. Ne4 h6
15. Bd2 b6 16. a3 Ba6 17. Bxb4 Nxb4 18. Bxa6 Nxa6 19. Rac1 Rfd8 20. Ne5 f6 21.
Nxg6 Kf7 22. Nf4 f5 23. Nc3 Bxd4 24. Nfe2 Bf6 25. b4 Nc7 26. g3 Rxd1+ 27. Nxd1
Nd5 28. Ne3 Bg5 29. h4 Bxe3 30. fxe3 Nxe3 31. Rc7+ Kf6 32. Nf4 Rd8 33. Kf2 Ng4+
34. Ke2 e5 35. Ng2 Ke6 36. Rxa7 Rc8 37. Ne3 Nxe3 38. Kxe3 Rc3+ 39. Kf2 Kd5 40.
Rb7 Ke4 41. Rxb6 Rxa3 42. Kg2 h5 43. Rh6 Ra2+ 44. Kh3 Kf3 45. Rxh5 f4 46. Rg5
Ra1 47. Kh2 Rb1 48. h5 Rb2+ 49. Kh3 Rb1 50. Kh2 Rxb4 51. Rxe5 fxg3+ 52. Kh3 Rg4
53. Rf5+ Ke4 54. Ra5 Rg8 55. Kg2 Kf4 56. Ra4+ Kg5 57. Kxg3 Kxh5+ 1/2-1/2

[Event "66th ch-RUS 2013"]
[Site "Nizhny Novgorod RUS"]
[Date "2013.10.13"]
[Round "8.3"]
[White "Svidler, Peter"]
[Black "Vitiugov, Nikita"]
[Result "1/2-1/2"]
[WhiteTitle "GM"]
[BlackTitle "GM"]
[WhiteElo "2740"]
[BlackElo "2729"]
[WhiteFideId "4102142"]
[BlackFideId "4152956"]
[EventDate "2013.10.05"]

1. Nf3 c5 2. c4 Nc6 3. d4 cxd4 4. Nxd4 e6 5. Nc3 Nf6 6. Ndb5 d5 7. Bf4 e5 8.
cxd5 exf4 9. dxc6 bxc6 10. Qxd8+ Kxd8 11. O-O-O+ Bd7 12. Nd6 Bxd6 13. Rxd6 Ng4
14. Nd1 Kc7 15. Rd4 g5 16. g3 fxg3 17. hxg3 h5 18. Bg2 Rae8 19. Ra4 Kb6 20. Rb4+
Kc7 21. Ra4 Kb6 22. Rb4+ Kc7 23. Ra4 1/2-1/2

[Event "66th ch-RUS 2013"]
[Site "Nizhny Novgorod RUS"]
[Date "2013.10.13"]
[Round "8.4"]
[White "Shomoev, Anton"]
[Black "Nepomniachtchi, Ian"]
[Result "0-1"]
[WhiteTitle "GM"]
[BlackTitle "GM"]
[WhiteElo "2579"]
[BlackElo "2702"]
[WhiteFideId "4135148"]
[BlackFideId "4168119"]
[EventDate "2013.10.05"]

1. Nf3 g6 2. e4 d6 3. c4 Bg7 4. d4 Bg4 5. Be2 Nc6 6. Be3 Bxf3 7. Bxf3 e5 8. d5
Nd4 9. Bxd4 exd4 10. Nd2 Ne7 11. O-O O-O 12. Nb3 c5 13. dxc6 bxc6 14. c5 Rb8 15.
Rc1 dxc5 16. Rxc5 Qd6 17. Rc2 d3 18. Rd2 Rfd8 19. Nc1 Bxb2 20. Rxd3 Bd4 21. Qe2
c5 22. e5 Qc7 23. e6 c4 24. exf7+ Kxf7 25. Rd2 c3 26. Rc2 Be5 27. Be4 Bxh2+ 28.
Kh1 Be5 29. Nd3 Bf6 30. Rfc1 Kg8 31. g3 Qd6 32. Nf4 Rbc8 33. Kg2 Be5 34. Nd3 Bg7
35. Nf4 Qe5 36. Qf3 Qd6 37. Re1 Be5 38. Nd3 Rf8 39. Qe2 Bg7 40. Nf4 Nf5 41. Qg4
Rc5 42. Nd3 Ra5 43. Nf4 Rc5 44. Nd3 Nh6 45. Qe2 Rg5 46. Rd1 Nf5 47. Bxf5 Rgxf5
48. Nf4 Qc6+ 49. Kg1 Re8 50. Qd3 Rfe5 51. Kh2 Rb5 52. Rdc1 Rc5 53. Rb1 Bh6 54.
Ng2 Bd2 55. Rb4 Rf8 56. f4 Rh5+ 57. Nh4 Qc5 58. Rd4 Bxf4 59. Rxc3 Rxh4+ 60. Kg2
Qg5 61. Qc4+ Kh8 62. Rf3 Rg4 63. Kf1 Rxg3 64. Rfxf4 Rg1+ 65. Ke2 Qg2+ 0-1

[Event "66th ch-RUS 2013"]
[Site "Nizhny Novgorod RUS"]
[Date "2013.10.14"]
[Round "9.1"]
[White "Vitiugov, Nikita"]
[Black "Andreikin, Dmitry"]
[Result "1-0"]
[WhiteTitle "GM"]
[BlackTitle "GM"]
[WhiteElo "2729"]
[BlackElo "2706"]
[WhiteFideId "4152956"]
[BlackFideId "4158814"]
[EventDate "2013.10.05"]

1. d4 Nf6 2. c4 e6 3. Nc3 Bb4 4. Qc2 O-O 5. Nf3 c5 6. dxc5 Na6 7. g3 Nxc5 8. Bg2
b6 9. O-O Bxc3 10. Qxc3 Bb7 11. b3 d5 12. cxd5 Nxd5 13. Qd4 Qe7 14. Ba3 Rfd8 15.
Rac1 Rac8 16. Bxc5 Rxc5 17. Rxc5 bxc5 18. Qb2 Nb4 19. Rc1 Qd6 20. h4 h6 21. a3
Na6 22. Qc3 Rb8 23. Nd2 Bxg2 24. Kxg2 Nc7 25. Qe3 Nd5 26. Qxc5 Nf4+ 27. gxf4
Qxd2 28. Qe5 Rxb3 29. Rc8+ Kh7 30. Qe4+ g6 31. Rc7 Kg8 32. h5 Qd6 33. Qc2 Rb7
34. Rxb7 Qd5+ 35. f3 Qxb7 36. hxg6 Kg7 37. gxf7 Qxf7 38. Qe4 Kg8 39. a4 Qg7+ 40.
Kh2 Qf7 41. a5 Qh5+ 42. Kg2 Qxa5 43. Qxe6+ Kg7 44. f5 1-0

[Event "66th ch-RUS 2013"]
[Site "Nizhny Novgorod RUS"]
[Date "2013.10.14"]
[Round "9.3"]
[White "Nepomniachtchi, Ian"]
[Black "Kramnik, Vladimir"]
[Result "1-0"]
[WhiteTitle "GM"]
[BlackTitle "GM"]
[WhiteElo "2702"]
[BlackElo "2796"]
[WhiteFideId "4168119"]
[BlackFideId "4101588"]
[EventDate "2013.10.05"]

1. c4 c5 2. Nf3 Nc6 3. Nc3 Nf6 4. g3 d5 5. cxd5 Nxd5 6. Bg2 g6 7. h4 Bg7 8. h5
Bf5 9. Qb3 Ndb4 10. Kf1 Be6 11. Qa4 Qa5 12. Qxa5 Nxa5 13. Ng5 Bd7 14. h6 Bd4 15.
Rb1 f6 16. Nge4 f5 17. Nxc5 Bxc5 18. a3 Nd3 19. exd3 Nb3 20. Rh4 Bc6 21. Rc4
Bxg2+ 22. Kxg2 Kf7 23. Ne2 Rhd8 24. Rc3 Nd4 25. Rxc5 Nxe2 26. Re5 Nd4 27. b4 Nc6
28. Re3 Rd5 29. Bb2 Rad8 30. Bc3 a6 31. a4 Na7 32. Rbe1 R8d7 33. Re5 Nc6 34.
Rxd5 Rxd5 35. Rb1 g5 36. Re1 e6 37. Re3 Ne7 38. Be5 Nc6 39. Bc3 e5 40. Re1 g4
41. Rb1 Kg6 42. b5 axb5 43. axb5 Nd8 44. f3 gxf3+ 45. Kxf3 Rxd3+ 46. Ke2 e4 47.
Be5 Ne6 48. Bf4 Rf3 49. b6 Nd4+ 50. Ke1 Nc2+ 51. Ke2 Nd4+ 52. Ke1 Rb3 53. Rc1
Rxb6 54. Rc8 Ne6 55. Be3 Rd6 56. Rg8+ Kf6 57. Rb8 Rd7 58. Kf2 Ke5 59. Ra8 Kf6
60. Rb8 Rf7 61. Ra8 Kg6 62. Rg8+ Kh5 63. Re8 Nf8 64. Kg2 Kg4 65. Rb8 Ng6 66. Rg8
Rd7 67. Kf2 Kh3 68. Bg5 Ne5 69. Rg7 b5 70. Ke2 b4 71. Bf4 Nf7 72. Rxh7 b3 73.
Kd1 e3 74. Bxe3 Rc7 75. Bd4 Kg2 76. Bc3 Kf2 77. Kc1 Ra7 1-0

[Event "66th ch-RUS 2013"]
[Site "Nizhny Novgorod RUS"]
[Date "2013.10.14"]
[Round "9.4"]
[White "Inarkiev, Ernesto"]
[Black "Goganov, Aleksey"]
[Result "1-0"]
[WhiteTitle "GM"]
[BlackTitle "IM"]
[WhiteElo "2695"]
[BlackElo "2575"]
[WhiteFideId "4162722"]
[BlackFideId "24109959"]
[EventDate "2013.10.05"]

1. d4 Nf6 2. Nf3 g6 3. c4 Bg7 4. Nc3 O-O 5. e4 d6 6. Be2 e5 7. d5 a5 8. h3 Nh5
9. g3 f5 10. exf5 gxf5 11. Ng5 Nf6 12. Be3 Na6 13. Qd2 Nc5 14. O-O-O a4 15. Qc2
Qe7 16. Rhg1 a3 17. b4 Na6 18. b5 Nc5 19. g4 e4 20. Rg2 f4 21. Bxf4 Nxg4 22. Bd2
Nxf2 23. Rdg1 Nfd3+ 24. Kb1 Nb4 25. Ne6 Bxe6 26. Rxg7+ Qxg7 27. Rxg7+ Kxg7 28.
Qc1 Bf5 29. Be3 Bg6 30. h4 h5 31. Qg1 Rf5 32. Bxc5 dxc5 33. Qxc5 Nd3 34. Qxc7+
Rf7 35. Qg3 Nf4 36. Bd1 Re8 37. Qe3 Ng2 38. Qd4+ Kh7 39. Kc2 e3+ 40. Kb3 Nf4 41.
d6 Nd3 42. Kxa3 Ra8+ 43. Na4 Rf4 44. Qxe3 Rxc4 45. Qe7+ Kh6 46. d7 Rd4 47. Qe3+
Rf4 48. Bc2 b6 49. Bxd3 Rxa4+ 50. Kb2 Bxd3 51. d8=Q 1-0